La familia Barros en Chile. 1525-1926

שמור ב:
מידע ביבליוגרפי
מחבר ראשי: Barros G., Julio E. (Author)
פורמט: ספר
שפה:ספרדית
יצא לאור: Santiago Imprenta y Litografía La Ilustración 1928
מהדורה:1a. ed
נושאים:
תגים: הוספת תג
אין תגיות, היה/י הראשונ/ה לתייג את הרשומה!

MARC

LEADER 00000nam a2200000 a 4500
001 UCJ6321
003 CL-VaPUC
008 070124e19280000CL |||||||||||||||||spa|d
082 0 4 |a 929  |b BAR  |2 21 
100 0 |a Barros G., Julio E.  |e author  |9 512845 
245 1 3 |a La familia Barros en Chile. 1525-1926 
250 |a 1a. ed 
300 |a 220 p 
942 |c BK 
945 |d 20070124 00:00:00  |a rinostro 
260 |a Santiago  |b Imprenta y Litografía La Ilustración  |c 1928 
500 |a Escudo de Armas e iconografía de algunos miembros de la familia Barros en Chile.- Algunas notas autógrafas de Dn. Eduardo 
600 0 7 |a BARROS MERINO, TOBIAS  |2 CL-VaPUC  |9 512846 
600 0 7 |a BARROS FERNANDEZ, DIEGO ANTONIO  |2 CL-VaPUC  |9 512847 
600 0 7 |a BARROS BORGOÑO, MANUEL  |2 CL-VaPUC  |9 504259 
600 0 7 |a BARROS BORGOÑO, LUIS  |2 CL-VaPUC  |9 438232 
600 0 |a Barros Arana, Diego  |9 316241 
600 0 7 |a BARROS LUCO, RAMON  |2 CL-VaPUC  |9 268141 
600 0 7 |a BARROS JARAQUEMADA, GUILLERMO  |2 CL-VaPUC  |9 512848 
600 0 7 |a BARROS MORAN, PEDRO JOSE  |2 CL-VaPUC  |9 512849 
600 0 7 |a BARROS BARROS, ENRIQUE  |2 CL-VaPUC  |9 512850 
600 0 7 |a BARROS MENDEZ, LUIS  |2 CL-VaPUC  |9 507077 
600 0 7 |a BARROS GREZ, DANIEL  |2 CL-VaPUC  |9 313106 
650 0 |a Genealogía  |9 255285 
650 7 |a HERALDICA  |2 CL-VaPUC  |9 388228 
650 0 |a Iconografía   |9 267998 
650 7 |a BIOGRAFIA  |2 CL-VaPUC  |9 504622 
650 0 |a Historiadores  |9 314498 
650 0 |a Presidentes de Chile  |9 268293 
583 |a last modification  |c 20070124 00:00:00  |k Rodrigo Vera 
999 |c 322429  |d 322427 
952 |0 0  |1 0  |4 0  |6 929_000000000000000_BAR_1928  |7 0  |8 X  |9 401415  |a FDOBUD  |b FDOBUD  |d 2019-11-22  |i 1046721  |o 929 BAR 1928  |p 1046721  |r 2019-11-22  |w 2019-11-22  |y BK_X  |k BUD